Global contamination trends of persistent organic chemicals (Record no. 75920)
[ view plain ]
| 000 -LEADER | |
|---|---|
| fixed length control field | 00938nam a2200193 a 4500 |
| 008 - FIXED-LENGTH DATA ELEMENTS--GENERAL INFORMATION | |
| fixed length control field | 130508s2012 ||||||||||||||||| || u |
| 020 ## - INTERNATIONAL STANDARD BOOK NUMBER | |
| International Standard Book Number | 9781439838303 |
| 050 ## - LIBRARY OF CONGRESS CALL NUMBER | |
| Classification number | TD 196.O73 Glo |
| 100 ## - MAIN ENTRY--PERSONAL NAME | |
| Personal name | Lam, Paul K. S |
| 245 10 - TITLE STATEMENT | |
| Title | Global contamination trends of persistent organic chemicals |
| Statement of responsibility, etc. | edited by Bommanna G. Loganathan, Paul Kwan-Sing Lam. |
| 260 ## - PUBLICATION, DISTRIBUTION, ETC. | |
| Place of publication, distribution, etc. | Boca Raton: |
| Name of publisher, distributor, etc. | CRC Press |
| Date of publication, distribution, etc. | 2012 |
| 300 ## - PHYSICAL DESCRIPTION | |
| Extent | xviii, 638 p. : ill. |
| 500 ## - GENERAL NOTE | |
| General note | Includes bibliographical references and index. |
| 650 #0 - SUBJECT ADDED ENTRY--TOPICAL TERM | |
| Topical term or geographic name entry element | ORGANIC COMPOUNDS-- ENVIRONMENTAL ASPECTS |
| 650 #0 - SUBJECT ADDED ENTRY--TOPICAL TERM | |
| Topical term or geographic name entry element | PERSISTENT POLLUTANTS |
| 700 ## - ADDED ENTRY--PERSONAL NAME | |
| Personal name | Loganathan, Bommanna G |
| 995 ## - | |
| -- | MAIN LIBRARY OPEN ACCESS |
| -- | 743714 |
| -- | CBU-MAIN LIBRARY (Kitwe) |
| -- | TD 196.O73 Glo |
| -- | 1 |
| -- | AVAILABLE |
| -- | May 8, 2013 |
| -- | 743714 |
| -- | Main Library Open Access Collection |
| 995 ## - | |
| -- | MAIN LIBRARY OPEN ACCESS |
| -- | 743715 |
| -- | CBU-MAIN LIBRARY (Kitwe) |
| -- | TD 196.O73 Glo |
| -- | 2 |
| -- | AVAILABLE |
| -- | May 8, 2013 |
| -- | 743715 |
| -- | Main Library Open Access Collection |
| 999 ## - | |
| -- | 75920 |
| -- | 75920 |
| Withdrawn status | Lost status | Source of classification or shelving scheme | Damaged status | Not for loan | Permanent Location | Current Location | Shelving location | Date acquired | Total Checkouts | Full call number | Barcode | Date last seen | Copy number | Price effective from | Koha item type |
|---|---|---|---|---|---|---|---|---|---|---|---|---|---|---|---|
| CBU-MAIN LIBRARY, KITWE. | CBU-MAIN LIBRARY, KITWE. | 04/25/2023 | TD 196.O73 Glo | 743714 | 04/25/2023 | 1 | 04/25/2023 | MONOGRAPH | |||||||
| CBU-MAIN LIBRARY, KITWE. | CBU-MAIN LIBRARY, KITWE. | 04/25/2023 | TD 196.O73 Glo | 743715 | 04/25/2023 | 2 | 04/25/2023 | MONOGRAPH |